Manual para presupuesto de edificaciones

Gorde:
Xehetasun bibliografikoak
Egile nagusia: Rodríguez Solano, Heriberto
Formatua: Liburua
Argitaratua: San José, Costa Rica 1991
Gaiak:
Etiketak: Etiketa erantsi
Etiketarik gabe, Izan zaitez lehena erregistro honi etiketa jartzen!

MARC

LEADER 00000nam a2200000Ia 4500
003 005068
005 20221231144330.0
008 140114s1991 cr a m 000 ||s d
040 |c cru CEDI 
090 |a TFG 2399 
100 |a Rodríguez Solano, Heriberto  |9 12866 
245 |a Manual para presupuesto de edificaciones 
260 |c 1991  |a San José, Costa Rica 
300 |a  90 hojas ; 27 cm.  
500 |a Tesis (licenciatura en ingeniería civil)--Universidad de Costa Rica. Facultad de Ingeniería. Escuela de Ingeniería Civil 
650 |x CONSTRUCCION - PRESUPUESTOS  |9 12867 
942 |c TFG  |2 ddc 
999 |c 20282  |d 20282